Are passengers on Indian Railways paying their way? (Record no. 23519)

000 -LEADER
fixed length control field 00397pab a2200157 454500
008 - FIXED-LENGTH DATA ELEMENTS--GENERAL INFORMATION
fixed length control field 180718b xxu||||| |||| 00| 0 eng d
100 ## - MAIN ENTRY--PERSONAL NAME
Personal name Raghuram, G
245 ## - TITLE STATEMENT
Title Are passengers on Indian Railways paying their way?
650 ## - SUBJECT ADDED ENTRY--TOPICAL TERM
Topical term or geographic name entry element Rangaraj, N.
650 ## - SUBJECT ADDED ENTRY--TOPICAL TERM
Topical term or geographic name entry element Kamath, M.V.
650 ## - SUBJECT ADDED ENTRY--TOPICAL TERM
Topical term or geographic name entry element Railways
700 ## - ADDED ENTRY--PERSONAL NAME
Personal name Rangaraj, N.
700 ## - ADDED ENTRY--PERSONAL NAME
Personal name Kamath, M.Y
773 ## - HOST ITEM ENTRY
Main entry heading Financial Express
909 ## -
-- 23519
Holdings
Withdrawn status Lost status Damaged status Not for loan Permanent Location Current Location Date acquired Serial Enumeration / chronology Barcode Date last seen Price effective from Koha item type
        Indian Institute of Public Administration Indian Institute of Public Administration 2018-07-19 Issue no: 21 Dec.92, p.6, 22 Dec.92, p.6 AR23588 2018-07-19 2018-07-19 Articles

Powered by Koha